000 00678nam a2200289Ia 4500
005 20260324133856.0
008 008 260324s9999 xx 000 0 eng d
020 _a9780203950944
037 _aEBOOK
040 _aCRL
040 _beng
040 _cCRL
041 _2eng
041 _aeng
084 _qCRL
100 _aJennifer Johnson
_9874070
245 0 _aGetting By on the Minimum
245 4 _bThe Lives of Working-Class Women
260 _bTaylor and Francis
260 _c2002
365 _a
365 _b200
856 _uhttp://www.taylorfrancis.com/books/9780203950944
942 _cEBOOK
999 _c1794219
_d1794219